000 00543nam a2200181Ia 4500
008 090124s9999 xx 000 0 und d
082 _b30927
100 _aखरे नंदा
245 _a 2050 वीसशेपन्नास
250 _a1
260 _bग्रंथाली प्रकाशन
_c1993
300 _a146
600 _aखरे नंदा
630 _a 2050 वीसशेपन्नास
700 _aखरे नंदा
730 _a 2050 वीसशेपन्नास
942 _cBOOK
999 _c96521
_d96521